A kicsi emberpalántákért hússzal több óvoda működik Szegeden mint 1938-ban /
Elmentve itt :
| Szerző: | |
|---|---|
| Dokumentumtípus: | Cikk |
| Megjelent: |
1958-10-10
|
| Sorozat: | Délmagyarország
|
| Kulcsszavak: | Óvoda Szeged 1958 |
| Online Access: | http://dmarchiv.bibl.u-szeged.hu/53917 |
| LEADER | 00494nab a2200157 i 4500 | ||
|---|---|---|---|
| 001 | delm53917 | ||
| 005 | 20180927141915.0 | ||
| 008 | 180927s1958 hu o 0|| hun d | ||
| 040 | |a SZTE Délmagyarország Archívum |b hun | ||
| 041 | |a hun | ||
| 100 | 1 | |a Lődi Ferenc | |
| 245 | 1 | 2 | |a A kicsi emberpalántákért |h [elektronikus dokumentum] : |b hússzal több óvoda működik Szegeden mint 1938-ban / |c Lődi Ferenc |
| 260 | |c 1958-10-10 | ||
| 300 | |a 3 | ||
| 490 | 0 | |a Délmagyarország | |
| 695 | |a Óvoda Szeged 1958 | ||